<?xml version="1.0" encoding="UTF-8"?>
<collection xmlns="http://www.loc.gov/MARC21/slim">
 <record>
  <leader>00970cam a2200289 7i4500</leader>
  <controlfield tag="001">0000057852</controlfield>
  <controlfield tag="005">20221122090000.0</controlfield>
  <controlfield tag="007">  Monographs</controlfield>
  <controlfield tag="008">220922             eng</controlfield>
  <datafield tag="020" ind1=" " ind2=" ">
   <subfield code="a">9783319366975  (pbk. </subfield>
  </datafield>
  <datafield tag="090" ind1="0" ind2="0">
   <subfield code="a">TH438.12 TAL 2016 </subfield>
  </datafield>
  <datafield tag="100" ind1="0" ind2="0">
   <subfield code="a">Talamo, Cinzia </subfield>
   <subfield code="e">author </subfield>
  </datafield>
  <datafield tag="245" ind1="1" ind2="0">
   <subfield code="a">Knowledge management and information tools for building maintenance and facility management  </subfield>
   <subfield code="c">Cinzia Talamo, Marcella Bonanomi.</subfield>
  </datafield>
  <datafield tag="264" ind1=" " ind2="1">
   <subfield code="a">New York, London: </subfield>
   <subfield code="b">Springer, </subfield>
   <subfield code="c">2016.</subfield>
  </datafield>
  <datafield tag="300" ind1=" " ind2=" ">
   <subfield code="a">xii, 211 pages: </subfield>
   <subfield code="b">Illustrations; </subfield>
   <subfield code="c">25 cm.</subfield>
  </datafield>
  <datafield tag="336" ind1=" " ind2=" ">
   <subfield code="a">Content</subfield>
   <subfield code="2">rdatext</subfield>
  </datafield>
  <datafield tag="337" ind1=" " ind2=" ">
   <subfield code="a">Media</subfield>
   <subfield code="2">rdaunmedia</subfield>
  </datafield>
  <datafield tag="338" ind1=" " ind2=" ">
   <subfield code="a">Carrier</subfield>
   <subfield code="2">rdavolume</subfield>
  </datafield>
  <datafield tag="504" ind1="0" ind2="0">
   <subfield code="a">Includes bibliographical references and index</subfield>
  </datafield>
  <datafield tag="650" ind1="1" ind2="0">
   <subfield code="a">Building -- </subfield>
   <subfield code="x">Maintenance </subfield>
  </datafield>
  <datafield tag="650" ind1="1" ind2="0">
   <subfield code="a">Project management </subfield>
  </datafield>
  <datafield tag="650" ind1="1" ind2="0">
   <subfield code="a">Facility management </subfield>
  </datafield>
  <datafield tag="650" ind1="1" ind2="0">
   <subfield code="a">Building management </subfield>
  </datafield>
  <datafield tag="650" ind1="1" ind2="0">
   <subfield code="a">Knowledge maanagement </subfield>
  </datafield>
  <datafield tag="700" ind1="1" ind2=" ">
   <subfield code="a">Bonanomi, Marcella </subfield>
  </datafield>
  <datafield tag="700" ind1="1" ind2=" ">
   <subfield code="a">Silva, Ana </subfield>
  </datafield>
  <datafield tag="856" ind1=" " ind2=" ">
   <subfield code="u">httpp://www.springer.com</subfield>
  </datafield>
 </record>
</collection>
